[Event "Corsica CC-A"]
[Site "Corsica"]
[Date "2004.08.05"]
[Round "5"]
[White "Diaz, Jean"]
[Black "Battesti, Leo"]
[Result "0-1"]
[WhiteElo "2110"]
[BlackElo "1820"]
[PlyCount "56"]
[EventDate "2004.08.01"]
[EventType "tourn"]
[EventRounds "9"]
[EventCountry "FRA"]
[SourceTitle "EXT 2008"]
[Source "ChessBase"]
[SourceDate "2007.11.25"]
[SourceVersion "1"]
[SourceVersionDate "2007.11.25"]
[SourceQuality "1"]

1. e4 c5 2. Nf3 Nc6 3. d4 cxd4 4. Nxd4 Nf6 5. Nc3 e5 6. Ndb5 d6 7. Bg5 a6 8. Na3 b5 9. Nd5 Be7 10. Bxf6 Bxf6 11. c3 0-0 12. Be2 Ne7 13. Nxe7+ Bxe7 14. Nc2 Bb7 15. Bf3 Bg5 16. Qd3 Qe7 17. 0-0 Rad8 18. a4 bxa4 19. Rxa4 f5 20. Nb4 d5 21. exd5 Qd7 22. Qc2 e4 23. Be2 f4 24. Bxa6 f3 25. Qxe4 Rde8 26. Qc4 Rf4 27. Qb5 Bc8 28. Bxc8 Qxb5 0-1

[Event "Corsica CC-A"]
[Site "Corsica"]
[Date "2004.08.02"]
[Round "2"]
[White "Autran, Yann"]
[Black "Diaz, Jean"]
[Result "1-0"]
[WhiteElo "1998"]
[BlackElo "2110"]
[PlyCount "31"]
[EventDate "2004.08.01"]
[EventType "tourn"]
[EventRounds "9"]
[EventCountry "FRA"]
[SourceTitle "EXT 2008"]
[Source "ChessBase"]
[SourceDate "2007.11.25"]
[SourceVersion "1"]
[SourceVersionDate "2007.11.25"]
[SourceQuality "1"]

1. e4 c5 2. c3 d5 3. exd5 Qxd5 4. d4 g6 5. Nf3 Bg7 6. Be3 Nc6 7. Be2 cxd4 8. cxd4 Bg4 9. Nc3 Qa5 10. 0-0 Rd8 11. d5 Bxc3 12. bxc3 Qxd5 13. Qa4 Nf6 14. Bd4 0-0 15. Bxf6 exf6 16. Qxg4 1-0